000 00318nam a22001337a 4500
008 170204b xxu||||| |||| 00| 0 eng d
020 _a9780323287128
041 _aeng
080 _a61
100 _a3
101 _aSHM
245 _aDIAGNOSIS AND MANAGEMENT OF CHRONMIC LIVER DISEASES
_cLARSON, A.M
942 _2udc
_cBK
999 _c4612
_d4612